[Event "BPB Limburg open C"]
[Site "Maastricht"]
[Date "2014.06.07"]
[Round "3"]
[White "Reichardt, Robin"]
[Black "Kumpen, Kurt"]
[Result "1-0"]
[WhiteElo "1562"]
[BlackElo "1392"]
[PlyCount "69"]
[EventDate "2014.06.06"]
[EventType "swiss"]
[EventRounds "7"]
[EventCountry "NED"]
[Source "P.Boonen"]
[SourceDate "2014.10.10"]

1. d4 d5 2. c4 c6 3. Nc3 Nf6 4. Nf3 Bf5 5. Bg5 e6 6. e3 Be7 7. Bd3 Bg6 8. c5
Nbd7 9. O-O O-O 10. Bxg6 fxg6 11. Qc2 Nh5 12. Bxe7 Qxe7 13. e4 g5 14. exd5 cxd5
15. Rfe1 g4 16. Ne5 Nxe5 17. Rxe5 Nf4 18. Rae1 Qf6 19. Nb5 Rf7 20. Nd6 Rc7 21.
R1e3 Rb8 22. f3 Rf8 23. Qf2 Re7 24. Qe1 g5 25. fxg4 Qg6 26. Qd1 Qf6 27. Rf3 Qg7
28. Qe1 Rf6 29. Nf5 exf5 30. Rxe7 Rf7 31. Re8+ Rf8 32. Rxf8+ Kxf8 33. Qe5 Qxe5
34. dxe5 fxg4 35. Rb3 1-0

[Event "BPB Limburg open C"]
[Site "Maastricht"]
[Date "2014.06.07"]
[Round "3"]
[White "Schelleman, Niels"]
[Black "Van der Hoeven, Carsten"]
[Result "1-0"]
[WhiteElo "1521"]
[BlackElo "1366"]
[PlyCount "36"]
[EventDate "2014.06.06"]
[EventType "swiss"]
[EventRounds "7"]
[EventCountry "NED"]
[Source "P.Boonen"]
[SourceDate "2014.10.10"]

1. e4 d6 2. d4 Nf6 3. Nc3 g6 4. Nf3 Bg7 5. Be3 O-O 6. Be2 Nbd7 7. O-O b6 8. Qd2
Bb7 9. Bd3 e6 10. Bh6 c5 11. Bxg7 Kxg7 12. Rfe1 cxd4 13. Nxd4 e5 14. Nf3 Nc5
15. Bc4 Ne6 16. Qd3 Qd7 17. Bb5 Qe7 18. Bc4 Nf4 {.....} 1-0

[Event "BPB Limburg open C"]
[Site "Maastricht"]
[Date "2014.06.07"]
[Round "3"]
[White "Seibst, Sascha"]
[Black "Schrijvers, Kees"]
[Result "1-0"]
[WhiteElo "1585"]
[BlackElo "1497"]
[PlyCount "107"]
[EventDate "2014.06.06"]
[EventType "swiss"]
[EventRounds "7"]
[EventCountry "NED"]
[Source "P.Boonen"]
[SourceDate "2014.10.10"]

1. c4 e5 2. g3 Nf6 3. Bg2 d6 4. Nc3 c6 5. d4 Nbd7 6. e3 Be7 7. Nge2 O-O 8. O-O
Re8 9. b3 Qc7 10. Bb2 Bf8 11. Rc1 Qd8 12. Qc2 g6 13. Rfd1 Qe7 14. Re1 Qd8 15.
Rcd1 Qc7 16. a3 Bg7 17. Rc1 Nb6 18. Qd2 Be6 19. d5 Bd7 20. e4 c5 21. Nd1 Qc8
22. Ne3 Bh3 23. b4 Bxg2 24. Kxg2 Nxe4 25. Qc2 Ng5 26. Ng1 f5 27. h4 Nf7 28. Nh3
Qd8 29. Nf1 Rc8 30. b5 Nd7 31. Nd2 Nf6 32. Nf3 h6 33. a4 e4 34. Nfg1 Ne5 35.
Nf4 Nd3 36. Nxd3 exd3 37. Qxd3 Rxe1 38. Rxe1 Qa5 39. Re6 Ne4 40. Bxg7 Kxg7 41.
Re7+ Kf8 42. Rh7 Kg8 43. Rxb7 Qxa4 44. Qe3 g5 45. hxg5 hxg5 46. Nf3 Qxc4 47.
Rxa7 Qxd5 48. Kh2 f4 49. gxf4 g4 50. Ng5 Nf6 51. Qe7 g3+ 52. Kxg3 Qd3+ 53. f3
Qg6 54. Qe6+ 1-0

[Event "BPB Limburg open C"]
[Site "Maastricht"]
[Date "2014.06.07"]
[Round "3"]
[White "Seip, Theo"]
[Black "Katranov, Lev"]
[Result "1-0"]
[WhiteElo "1530"]
[BlackElo "1429"]
[PlyCount "81"]
[EventDate "2014.06.06"]
[EventType "swiss"]
[EventRounds "7"]
[EventCountry "NED"]
[Source "P.Boonen"]
[SourceDate "2014.10.10"]

1. Nf3 d5 2. g3 e6 3. Bg2 Nf6 4. d3 Be7 5. O-O O-O 6. c3 c5 7. Qc2 Nc6 8. e4
dxe4 9. dxe4 e5 10. h3 Be6 11. Be3 Qc8 12. Kh2 Rd8 13. Nbd2 h6 14. Rfd1 Nh7 15.
Nb3 Rxd1 16. Rxd1 b6 17. Nc1 g5 18. Ne1 h5 19. Qe2 g4 20. h4 f6 21. Bh6 Bf8 22.
Qd2 Bf7 23. Nc2 Bxh6 24. Qxh6 Qf8 25. Qxf8+ Nxf8 26. Rd6 Ne7 27. Ne3 Kg7 28.
Nd5 Nxd5 29. exd5 Bg6 30. Rc6 e4 31. Rc7+ Kg8 32. Nb3 f5 33. Bf1 Bf7 34. c4 Kg7
35. Nc1 Ng6 36. Ne2 Kf6 37. Nc3 Be8 38. a4 Ke5 39. Ne2 Ne7 40. Rxe7+ Kd6 41.
Rg7 1-0

[Event "BPB Limburg open C"]
[Site "Maastricht"]
[Date "2014.06.07"]
[Round "3"]
[White "Slangen Knuit, Dien"]
[Black "Boesmans, Peter"]
[Result "0-1"]
[WhiteElo "1073"]
[BlackElo "1390"]
[PlyCount "124"]
[EventDate "2014.06.06"]
[EventType "swiss"]
[EventRounds "7"]
[EventCountry "NED"]
[Source "P.Boonen"]
[SourceDate "2014.10.10"]

1. d4 d5 2. e3 g6 3. c4 dxc4 4. Bxc4 Nf6 5. Nc3 c6 6. Nf3 Bg7 7. Qb3 O-O 8. O-O
e6 9. Rd1 Nd5 10. e4 Nb6 11. Bg5 Qc7 12. Bd3 N8d7 13. Rac1 Nf6 14. e5 Nfd5 15.
Nb5 Qd7 16. Nd6 f6 17. Nxc8 Raxc8 18. Bd2 Kh8 19. exf6 Nxf6 20. Bc3 Nbd5 21.
Ne5 Qc7 22. Bc4 Rb8 23. Bxd5 exd5 24. Bb4 Rfe8 25. Bd6 Qc8 26. Bxb8 Qxb8 27. f4
Ne4 28. Nf7+ Kg8 29. Ng5 Re7 30. Nxe4 Rxe4 31. Qf3 Rxf4 32. Qh3 Qe8 33. Kh1
Rxd4 34. Rxd4 Bxd4 35. Rf1 Bxb2 36. Qg3 Qd8 37. Qe3 Kg7 38. Qe6 Bf6 39. Qe2 d4
40. Qd3 c5 41. Qb5 b6 42. Qc6 Qe7 43. Qf3 c4 44. Qd1 c3 45. Re1 Qd6 46. Qd3 Qc5
47. Qe4 Qc7 48. g3 b5 49. Qd3 b4 50. Rf1 a5 51. Qf3 Qe7 52. Qa8 Qc7 53. Qf3 Qf7
54. Qa8 Qxa2 55. Qa7+ Qf7 56. Qxa5 Qe7 57. Qa6 b3 58. Qd3 b2 59. Qc2 Qa7 60.
Qb1 Qa6 61. Rxf6 Kxf6 62. Qf1+ Qxf1# 0-1

[Event "BPB Limburg open C"]
[Site "Maastricht"]
[Date "2014.06.07"]
[Round "3"]
[White "Staudt, Sascha"]
[Black "Janssen, Valerie"]
[Result "1-0"]
[WhiteElo "1377"]
[BlackElo "1000"]
[PlyCount "95"]
[EventDate "2014.06.06"]
[EventType "swiss"]
[EventRounds "7"]
[EventCountry "NED"]
[Source "P.Boonen"]
[SourceDate "2014.10.10"]

1. d4 e6 2. e4 d5 3. e5 c5 4. c3 cxd4 5. cxd4 Nc6 6. a3 Nge7 7. Nf3 Nf5 8. Bb5
a6 9. Bxc6+ bxc6 10. Bg5 Be7 11. Bxe7 Qxe7 12. Qa4 Bd7 13. Qa5 O-O 14. O-O Rfc8
15. Rc1 Qd8 16. Rc5 Qxa5 17. Rxa5 Rcb8 18. b4 Rb5 19. Nc3 Rxa5 20. bxa5 Rc8 21.
Na4 Nxd4 22. Nxd4 c5 23. Nb6 cxd4 24. Nxc8 Bxc8 25. Rb1 g6 26. Rb8 Kg7 27. Rxc8
f6 28. Rc7+ Kh6 29. exf6 e5 30. Rd7 e4 31. Rxd5 d3 32. Kf1 g5 33. f7 Kg7 34.
Rd7 g4 35. Ke1 h5 36. Kd2 h4 37. Ke3 g3 38. hxg3 hxg3 39. f4 d2 40. Kxd2 e3+
41. Kxe3 Kf8 42. Ke4 Kg7 43. Ke5 Kf8 44. Ke6 Kg7 45. Rd8 Kh7 46. f8=Q Kg6 47.
Qf6+ Kh7 48. Rh8# 1-0

[Event "BPB Limburg open C"]
[Site "Maastricht"]
[Date "2014.06.07"]
[Round "3"]
[White "Steenman, Tomas"]
[Black "Vande Ginste, Michiel"]
[Result "0-1"]
[WhiteElo "1334"]
[BlackElo "1503"]
[PlyCount "54"]
[EventDate "2014.06.06"]
[EventType "swiss"]
[EventRounds "7"]
[EventCountry "NED"]
[Source "P.Boonen"]
[SourceDate "2014.10.10"]

1. e4 c5 2. d4 cxd4 3. c3 dxc3 4. Nxc3 d6 5. Nf3 Nc6 6. Bc4 Nf6 7. O-O e6 8. e5
dxe5 9. Qxd8+ Nxd8 10. Nb5 e4 11. Ne5 Rb8 12. Nxa7 Bc5 13. Nb5 O-O 14. Bf4 Ra8
15. Rfd1 Nc6 16. a3 Nxe5 17. Bxe5 Ng4 18. Bd4 Bxd4 19. Rxd4 Nf6 20. Rad1 e5 21.
R4d2 Bf5 22. Nd6 Bg4 23. f3 exf3 24. Nxf7 f2+ 25. Kxf2 Bxd1 26. Nxe5+ Kh8 27.
Rxd1 Ng4+ 0-1

[Event "BPB Limburg open C"]
[Site "Maastricht"]
[Date "2014.06.07"]
[Round "3"]
[White "Steinhart, Roel"]
[Black "Van Ginneken, Jos"]
[Result "0-1"]
[WhiteElo "1564"]
[BlackElo "1621"]
[PlyCount "58"]
[EventDate "2014.06.06"]
[EventType "swiss"]
[EventRounds "7"]
[EventCountry "NED"]
[Source "P.Boonen"]
[SourceDate "2014.10.10"]

1. e4 d6 2. Bc4 Nf6 3. Qf3 e5 4. d3 Be7 5. Bg5 O-O 6. h4 Bg4 7. Qg3 Qd7 8. f3
Nh5 9. Qxg4 Qxg4 10. fxg4 Bxg5 11. hxg5 Nf4 12. Rh2 g6 13. Nd2 c6 14. a3 Nd7
15. O-O-O Kg7 16. Ndf3 b5 17. Bb3 a5 18. d4 Rad8 19. dxe5 Nxe5 20. Nxe5 dxe5
21. Rxd8 Rxd8 22. g3 Ne6 23. Bxe6 fxe6 24. Nf3 c5 25. Nxe5 Rd4 26. Re2 b4 27.
Nc6 Rd6 28. Nxa5 bxa3 29. Nc4 a2 0-1

[Event "BPB Limburg open C"]
[Site "Maastricht"]
[Date "2014.06.07"]
[Round "3"]
[White "Van Foreest, Pieter"]
[Black "Hauffe, Frank"]
[Result "1/2-1/2"]
[WhiteElo "1657"]
[BlackElo "1731"]
[PlyCount "67"]
[EventDate "2014.06.06"]
[EventType "swiss"]
[EventRounds "7"]
[EventCountry "NED"]
[Source "P.Boonen"]
[SourceDate "2014.10.10"]

1. e4 c6 2. d4 d5 3. exd5 cxd5 4. Bf4 Nf6 5. Nf3 Nc6 6. Bb5 Qa5+ 7. Nc3 Ne4 8.
Bxc6+ bxc6 9. Bd2 Nxd2 10. Qxd2 Ba6 11. Ne5 Qc7 12. Nd3 e6 13. O-O Bd6 14. h3
O-O 15. Rfe1 Rab8 16. b3 Bxd3 17. Qxd3 c5 18. dxc5 Bxc5 19. Ne2 Qb6 20. Rf1
Rbc8 21. c4 Rfd8 22. cxd5 Rxd5 23. Qg3 Bd6 24. Qg4 Rd2 25. Rac1 Rcc2 26. Rxc2
Rxc2 27. Qe4 Rxa2 28. Qa8+ Bf8 29. Nc3 Rc2 30. Na4 Qxb3 31. Qxa7 Qa2 32. Qd7
Qd5 33. Qxd5 exd5 34. Rd1 1/2-1/2

[Event "BPB Limburg open C"]
[Site "Maastricht"]
[Date "2014.06.07"]
[Round "3"]
[White "Van Ginneken, Maikel"]
[Black "De Cocq, Ramin"]
[Result "1-0"]
[WhiteElo "1453"]
[BlackElo "1093"]
[PlyCount "99"]
[EventDate "2014.06.06"]
[EventType "swiss"]
[EventRounds "7"]
[EventCountry "NED"]
[Source "P.Boonen"]
[SourceDate "2014.10.10"]

1. d4 d5 2. c4 e6 3. Nc3 Nc6 4. Nf3 Nf6 5. Bf4 dxc4 6. e3 Bd6 7. Ne5 Bxe5 8.
dxe5 Qxd1+ 9. Rxd1 Nd7 10. Nb5 O-O 11. Nxc7 Rb8 12. Bxc4 b5 13. Bxb5 Rb7 14.
Bxc6 Rxc7 15. Bb5 h6 16. O-O Rd8 17. Bg3 a6 18. Bd3 Kh8 19. f4 Nc5 20. Bc2 Rxd1
21. Rxd1 Rd7 22. Be1 Rxd1 23. Bxd1 Nd3 24. Bc3 Nc1 25. a3 Kg8 26. Kf1 Bb7 27.
Bc2 Bd5 28. e4 Bc4+ 29. Kf2 Nd3+ 30. Ke3 Nc5 31. Kd4 Bd3 32. Bxd3 Nxd3 33. Kc4
Nc1 34. f5 Kf8 35. Kc5 Nd3+ 36. Kd6 exf5 37. exf5 Nf4 38. g3 Nh5 39. Kd7 g6 40.
e6 fxe6 41. fxe6 Ng7 42. Bxg7+ Kxg7 43. e7 h5 44. e8=Q Kh6 45. Qe3+ Kg7 46. Ke7
a5 47. Qe5+ Kh7 48. Kf7 Kh6 49. h4 g5 50. Qg7# 1-0

[Event "BPB Limburg open C"]
[Site "Maastricht"]
[Date "2014.06.07"]
[Round "3"]
[White "Van Roon, Sjoerd"]
[Black "Reyskens, Jules"]
[Result "1-0"]
[WhiteElo "1646"]
[BlackElo "1719"]
[PlyCount "37"]
[EventDate "2014.06.06"]
[EventType "swiss"]
[EventRounds "7"]
[EventCountry "NED"]
[Source "P.Boonen"]
[SourceDate "2014.10.10"]

1. e4 c5 2. Nf3 e6 3. d4 cxd4 4. Nxd4 Nf6 5. Bd3 Nc6 6. Be3 Nb4 7. Nc3 Nxd3+ 8.
Qxd3 a6 9. e5 Ng4 10. Bf4 g6 11. Bg3 h5 12. h3 Nh6 13. Ne4 Ng8 14. O-O-O f5 15.
exf6 Nxf6 16. Nxe6 Qe7 17. Nc7+ Kf7 18. Ng5+ Kg7 19. Nxa8 1-0

[Event "BPB Limburg open C"]
[Site "Maastricht"]
[Date "2014.06.07"]
[Round "3"]
[White "Van Rossum, Pia"]
[Black "Widlak, Marc"]
[Result "0-1"]
[WhiteElo "1657"]
[BlackElo "1391"]
[PlyCount "87"]
[EventDate "2014.06.06"]
[EventType "swiss"]
[EventRounds "7"]
[EventCountry "NED"]
[Source "P.Boonen"]
[SourceDate "2014.10.10"]

1. Nf3 d5 2. d4 Nf6 3. e3 c5 4. b3 Nc6 5. Bd3 Bg4 6. Bb2 e6 7. O-O Qc7 8. Nbd2
cxd4 9. exd4 Nb4 10. Bb5+ Nc6 11. c3 Bd6 12. Qe1 O-O 13. h3 Bf5 14. Rc1 Qa5 15.
a4 a6 16. Bxc6 bxc6 17. Ne5 Bxe5 18. Qxe5 Rac8 19. Qg3 c5 20. Nf3 Ne4 21. Qf4
f6 22. dxc5 Qxc5 23. Nh4 g5 24. Qe3 Qxe3 25. fxe3 gxh4 26. Rf4 Rf7 27. Rxh4 Rg7
28. Rf4 Kf7 29. g4 Nc5 30. Rb4 Be4 31. Rf1 Nd3 32. Rb7+ Kg6 33. Rxg7+ Kxg7 34.
Ba1 a5 35. c4 e5 36. cxd5 Bxd5 37. Rd1 Rc1 38. Rxc1 Nxc1 39. b4 axb4 40. Kf1 b3
41. Ke1 Nd3+ 42. Ke2 b2 43. Bxb2 Nxb2 44. a5 0-1

[Event "BPB Limburg open C"]
[Site "Maastricht"]
[Date "2014.06.07"]
[Round "3"]
[White "Van Wijnendaele, Jovanni"]
[Black "Nguyen, Sang"]
[Result "1/2-1/2"]
[WhiteElo "1654"]
[BlackElo "1334"]
[PlyCount "25"]
[EventDate "2014.06.06"]
[EventType "swiss"]
[EventRounds "7"]
[EventCountry "NED"]
[Source "P.Boonen"]
[SourceDate "2014.10.10"]

1. d4 d5 2. Nf3 Nf6 3. Bg5 h6 4. Bf4 Bf5 5. e3 e6 6. Bd3 Bxd3 7. Qxd3 c6 8.
Nbd2 Nbd7 9. e4 dxe4 10. Nxe4 Nxe4 11. Qxe4 Nf6 12. Qe2 Bd6 13. Bxd6 1/2-1/2

[Event "BPB Limburg open C"]
[Site "Maastricht"]
[Date "2014.06.07"]
[Round "3"]
[White "Vercruyssen, Tim"]
[Black "Loutragotis, Marios"]
[Result "1-0"]
[WhiteElo "1118"]
[BlackElo "1000"]
[PlyCount "137"]
[EventDate "2014.06.06"]
[EventType "swiss"]
[EventRounds "7"]
[EventCountry "NED"]
[Source "P.Boonen"]
[SourceDate "2014.10.10"]

1. d4 e6 2. Nf3 d5 3. e3 Nf6 4. Bd3 Nc6 5. b3 Bd6 6. Bb2 Bd7 7. O-O O-O 8. Ne5
Nb4 9. Be2 Ne4 10. a3 Bxe5 11. dxe5 Nc6 12. Bd3 Bc8 13. f3 Nc5 14. Bb5 Qg5 15.
f4 Qg6 16. Bxc6 bxc6 17. Nd2 Ne4 18. Nxe4 Qxe4 19. Qd3 Qxd3 20. cxd3 Ba6 21.
Rfc1 Bxd3 22. Rxc6 Rab8 23. b4 Rbc8 24. Rac1 Bc4 25. Bd4 a5 26. Rb1 Bb5 27. Rc5
Bd3 28. Rbc1 axb4 29. axb4 Rb8 30. Bc3 Ra8 31. Rxc7 Rac8 32. Rb7 Ba6 33. Ra7
Ra8 34. Rxa8 Rxa8 35. Ra1 f5 36. Kf2 Rc8 37. Rxa6 Rxc3 38. Rxe6 Rc2+ 39. Kf3 d4
40. exd4 Rc3+ 41. Ke2 Rc2+ 42. Kd3 Rxg2 43. Kc4 Rxh2 44. Kd5 Rh4 45. Re7 Rxf4
46. Ke6 h6 47. d5 Rxb4 48. Re8+ Kh7 49. d6 Rb6 50. Ke7 Rb7+ 51. d7 f4 52. Kf8
Rxd7 53. e6 Rd6 54. Ke7 Ra6 55. Kf7 f3 56. Rd8 f2 57. Rd1 Ra7+ 58. e7 g5 59.
Kf8 Rxe7 60. Kxe7 g4 61. Kf6 g3 62. Rd7+ Kg8 63. Rd8+ Kh7 64. Rd7+ Kg8 65. Rd8+
Kh7 66. Rd7+ Kh8 67. Kg6 f1=Q 68. Rd8+ Qf8 69. Rxf8# 1-0

[Event "BPB Limburg open C"]
[Site "Maastricht"]
[Date "2014.06.07"]
[Round "3"]
[White "Vossen, Patrick"]
[Black "Barbaric, Marko"]
[Result "0-1"]
[WhiteElo "1500"]
[BlackElo "1410"]
[PlyCount "122"]
[EventDate "2014.06.06"]
[EventType "swiss"]
[EventRounds "7"]
[EventCountry "NED"]
[Source "P.Boonen"]
[SourceDate "2014.10.10"]

1. d4 d5 2. Nf3 Bf5 3. e3 Nf6 4. Bd3 Ne4 5. Nbd2 e6 6. c3 Nxf2 7. Bb5+ c6 8.
Bxc6+ Nxc6 9. Kxf2 Bd6 10. Re1 Bd3 11. e4 O-O 12. Re3 Ba6 13. exd5 exd5 14. Nb3
b6 15. Bd2 Qf6 16. Qc2 Rfe8 17. Rae1 Rxe3 18. Rxe3 Bxh2 19. Ke1 Bg1 20. Kd1
Bxe3 21. Bxe3 Re8 22. Qf2 Qg6 23. Kc1 Qd3 24. Bd2 Qf5 25. Qg3 Qd3 26. Qf2 f6
27. Ne1 Qg6 28. Qf3 Bc4 29. Qh3 Qf7 30. Qg3 Re6 31. Kc2 Qe7 32. Nc1 a5 33. b3
Ba6 34. Ned3 b5 35. Nc5 Nxd4+ 36. cxd4 Rc6 37. Kb2 b4 38. Qf3 Qd6 39. Bf4 Qd8
40. Qe3 Bc8 41. Bg3 g5 42. Bh2 f5 43. Qe5 f4 44. N1d3 Rh6 45. Bxf4 gxf4 46.
Nxf4 Qh4 47. Qe8+ Kg7 48. Qe5+ Kg8 49. Qe8+ Kg7 50. Qe5+ Qf6 51. Qxf6+ Kxf6 52.
Nxd5+ Kg5 53. Ne7 Bg4 54. d5 Rh2 55. Ne4+ Kf4 56. Nf6 Rxg2+ 57. Ka1 h5 58. Ng6+
Ke3 59. d6 Bf5 60. Nh4 Rg1+ 61. Kb2 Rb1# 0-1

[Event "BPB Limburg open C"]
[Site "Maastricht"]
[Date "2014.06.07"]
[Round "3"]
[White "Weerts, Rene"]
[Black "Reichardt, Monica"]
[Result "0-1"]
[WhiteElo "1635"]
[BlackElo "1447"]
[PlyCount "76"]
[EventDate "2014.06.06"]
[EventType "swiss"]
[EventRounds "7"]
[EventCountry "NED"]
[Source "P.Boonen"]
[SourceDate "2014.10.10"]

1. d4 f5 2. Nf3 Nf6 3. c3 e6 4. Bf4 Be7 5. Nbd2 d6 6. e3 O-O 7. h4 Qe8 8. Bg5
Nbd7 9. Qb3 Nb6 10. Bxf6 Bxf6 11. e4 Kh8 12. O-O-O Bd7 13. Qc2 a5 14. e5 Be7
15. Ng5 Qh5 16. f4 Nd5 17. Re1 Nxf4 18. g3 Bxg5 19. gxf4 Bxf4 20. Kb1 dxe5 21.
dxe5 Rad8 22. Be2 Qf7 23. Nf3 Bc6 24. Rhg1 Be4 25. Qxe4 fxe4 26. Ng5 Bxg5 27.
hxg5 Qf4 28. Rg4 Qxe5 29. g6 h6 30. Rh1 Rd2 31. Bc4 Rh2 32. Re1 e3 33. Bd3 Qh5
34. Rgg1 e2 35. a3 Qf3 36. Bc2 Rf2 37. Bd1 exd1=Q+ 38. Rxd1 Qe2 0-1

[Event "BPB Limburg open C"]
[Site "Maastricht"]
[Date "2014.06.07"]
[Round "3"]
[White "Weidema, Luuk"]
[Black "Muntean, Victor"]
[Result "0-1"]
[WhiteElo "1189"]
[BlackElo "1138"]
[PlyCount "126"]
[EventDate "2014.06.06"]
[EventType "swiss"]
[EventRounds "7"]
[EventCountry "NED"]
[Source "P.Boonen"]
[SourceDate "2014.10.10"]

1. f4 Nc6 2. b3 d5 3. Nf3 Bf5 4. a3 e6 5. e3 Bd6 6. Bb2 Nf6 7. Bd3 g6 8. O-O
Qe7 9. Bb5 Qd7 10. Bxf6 Rg8 11. Nd4 a6 12. Bxc6 bxc6 13. d3 c5 14. Nf3 Bg4 15.
h3 Bxf3 16. Qxf3 h6 17. c4 c6 18. cxd5 cxd5 19. e4 dxe4 20. dxe4 Rb8 21. Qc3 g5
22. fxg5 hxg5 23. Be5 Bxe5 24. Qxe5 Rxb3 25. Qxc5 g4 26. h4 Qd8 27. Qc6+ Kf8
28. Qc5+ Ke8 29. Qh5 Rf8 30. Qxg4 Qd4+ 31. Kh2 Qxa1 32. Nd2 Qe5+ 33. g3 Rb2 34.
Rd1 Qc3 35. Qg5 Qc2 36. Qg4 Qd3 37. Kh3 Rxd2 38. Rc1 Rh2+ 39. Kxh2 Qd2+ 40. Kh3
Qxc1 41. Qf3 f5 42. exf5 Rxf5 43. Qa8+ Kf7 44. Qa7+ Kg6 45. Qa8 Qf1+ 46. Kg4
Rf8 47. h5+ Kh6 48. Qe4 Qf5+ 49. Qxf5 Rxf5 50. Kh4 Rxh5+ 51. Kg4 Ra5 52. Kf4
Rxa3 53. g4 Kg6 54. g5 Ra4+ 55. Ke5 Kxg5 56. Kxe6 Ra5 57. Kd6 Rb5 58. Kc6 Kf4
59. Kd6 Ke4 60. Kc6 Kd4 61. Kc7 Kd5 62. Kc8 Kd6 63. Kd8 Rb8# 0-1

[Event "BPB Limburg open C"]
[Site "Maastricht"]
[Date "2014.06.07"]
[Round "3"]
[White "Weynjes, Tim"]
[Black "Van den Heede, Chris"]
[Result "0-1"]
[WhiteElo "1000"]
[BlackElo "1266"]
[PlyCount "76"]
[EventDate "2014.06.06"]
[EventType "swiss"]
[EventRounds "7"]
[EventCountry "NED"]
[Source "P.Boonen"]
[SourceDate "2014.10.10"]

1. e4 e5 2. d4 exd4 3. Nf3 Nc6 4. c3 dxc3 5. Nxc3 Bb4 6. Bc4 h6 7. Bf4 Bxc3+ 8.
bxc3 Qf6 9. Bd2 Na5 10. Qa4 Nxc4 11. Qxc4 c6 12. O-O Qe6 13. Qd4 b6 14. Qxg7
Qf6 15. Qxf6 Nxf6 16. e5 Ne4 17. Bc1 Nxc3 18. Bb2 Ne2+ 19. Kh1 Rg8 20. g3 Bb7
21. Kg2 Nf4+ 22. Kg1 c5 23. Bc1 Ne2+ 24. Kg2 Nd4 25. Re1 Nxf3 26. Re3 Ne1+ 27.
Kf1 Nc2 28. f4 Nxa1 29. Re2 O-O-O 30. f5 Ba6 31. Bb2 Bxe2+ 32. Kxe2 Nc2 33. e6
dxe6 34. fxe6 fxe6 35. Kf3 Nd4+ 36. Bxd4 Rxd4 37. h3 c4 38. Ke3 Rgd8 0-1

[Event "BPB Limburg open C"]
[Site "Maastricht"]
[Date "2014.06.07"]
[Round "3"]
[White "Winand, Michael"]
[Black "Uiterwijk, Jos"]
[Result "1/2-1/2"]
[WhiteElo "1669"]
[BlackElo "1606"]
[PlyCount "34"]
[EventDate "2014.06.06"]
[EventType "swiss"]
[EventRounds "7"]
[EventCountry "NED"]
[Source "P.Boonen"]
[SourceDate "2014.10.10"]

1. e4 c5 2. Nf3 d6 3. g3 Nf6 4. d3 g6 5. Bg2 Bg7 6. O-O O-O 7. Re1 Nc6 8. Nbd2
Rb8 9. c3 b5 10. d4 cxd4 11. cxd4 Nd7 12. Nf1 Bb7 13. Bf4 a6 14. Qd2 Qa5 15.
Bh3 Qxd2 16. N1xd2 Nf6 17. a3 Nh5 1/2-1/2

[Event "BPB Limburg open C"]
[Site "Maastricht"]
[Date "2014.06.07"]
[Round "3"]
[White "Woyave, Pascal"]
[Black "Schelleman, Iris"]
[Result "1/2-1/2"]
[WhiteElo "1603"]
[BlackElo "1656"]
[PlyCount "78"]
[EventDate "2014.06.06"]
[EventType "swiss"]
[EventRounds "7"]
[EventCountry "NED"]
[Source "P.Boonen"]
[SourceDate "2014.10.10"]

1. c4 e5 2. Nc3 Nf6 3. Nf3 Nc6 4. g3 d5 5. cxd5 Nxd5 6. Bg2 Be6 7. O-O Bc5 8.
Nxe5 Bxf2+ 9. Rxf2 Nxe5 10. Nxd5 Bxd5 11. Qa4+ c6 12. Rf5 f6 13. Bxd5 Qxd5 14.
d4 Qe6 15. Qc2 Nd7 16. b3 Nb6 17. Rf3 O-O 18. Ba3 Rfe8 19. Re1 Rad8 20. Bb2 Nd5
21. e4 Nc7 22. Qf2 Rd7 23. Rfe3 Red8 24. R3e2 Nb5 25. d5 cxd5 26. exd5 Qxd5 27.
Re8+ Rxe8 28. Rxe8+ Kf7 29. Re1 Qd2 30. Qf1 Qd3 31. Qh3 Re7 32. Qh5+ Kf8 33.
Qc5 Nd6 34. Rxe7 Kxe7 35. Ba3 Qd1+ 36. Kg2 Qe2+ 37. Kg1 Qe1+ 38. Kg2 Qe2+ 39.
Kg1 Qe1+ 1/2-1/2

[Event "BPB Limburg open C"]
[Site "Maastricht"]
[Date "2014.06.08"]
[Round "4"]
[White "Allaart, Jesse"]
[Black "Conte, Roberto"]
[Result "0-1"]
[WhiteElo "1101"]
[BlackElo "1689"]
[PlyCount "34"]
[EventDate "2014.06.06"]
[EventType "swiss"]
[EventRounds "7"]
[EventCountry "NED"]
[Source "P.Boonen"]
[SourceDate "2014.10.10"]

1. e4 b6 2. Bc4 Bb7 3. Nc3 e6 4. d4 Bb4 5. Nf3 Bxe4 6. O-O Bxc3 7. bxc3 Bb7 8.
d5 Qf6 9. dxe6 fxe6 10. Bg5 Qxc3 11. Bb3 Nf6 12. Nd4 Nc6 13. Bxf6 gxf6 14. Qh5+
Ke7 15. Ne2 Qe5 16. Qg4 Rag8 17. Qc4 Rxg2+ 0-1

[Event "BPB Limburg open C"]
[Site "Maastricht"]
[Date "2014.06.08"]
[Round "4"]
[White "Bauchmueller, Heinrich"]
[Black "Reichardt, Robin"]
[Result "0-1"]
[WhiteElo "1348"]
[BlackElo "1562"]
[PlyCount "94"]
[EventDate "2014.06.06"]
[EventType "swiss"]
[EventRounds "7"]
[EventCountry "NED"]
[Source "P.Boonen"]
[SourceDate "2014.10.10"]

1. c4 e5 2. Nc3 Nc6 3. g3 b6 4. Bg2 Bb7 5. d3 Nf6 6. Nf3 Nd4 7. O-O Nxf3+ 8.
exf3 Bb4 9. Bg5 h6 10. Bxf6 Qxf6 11. Ne4 Qe7 12. a3 Bd6 13. Nxd6+ Qxd6 14. Re1
O-O 15. b4 Rfe8 16. Rb1 Rab8 17. Rb2 Qd4 18. Rc2 c5 19. b5 d5 20. Qd2 Rbd8 21.
Qe3 Kf8 22. Kf1 dxc4 23. Rxc4 Qxd3+ 24. Qxd3 Rxd3 25. Ra4 Bd5 26. f4 Bxg2+ 27.
Kxg2 exf4 28. Rxe8+ Kxe8 29. gxf4 Rb3 30. Rxa7 Rxb5 31. a4 Ra5 32. Rb7 Rxa4 33.
Rxb6 Rxf4 34. Kg3 Rb4 35. Ra6 c4 36. Ra1 c3 37. Rc1 Rc4 38. Kf3 Ke7 39. Ke3 c2
40. Kd3 Rc6 41. Kd2 Kf6 42. Ke3 Kg5 43. Kf3 Rc3+ 44. Ke2 Kh4 45. Kf1 Kh3 46.
Kg1 Rd3 47. Re1 Rd1 0-1

[Event "BPB Limburg open C"]
[Site "Maastricht"]
[Date "2014.06.08"]
[Round "4"]
[White "Boesmans, Peter"]
[Black "Van Rossum, Pia"]
[Result "0-1"]
[WhiteElo "1390"]
[BlackElo "1657"]
[PlyCount "68"]
[EventDate "2014.06.06"]
[EventType "swiss"]
[EventRounds "7"]
[EventCountry "NED"]
[Source "P.Boonen"]
[SourceDate "2014.10.10"]

1. e4 d6 2. d4 g6 3. Nf3 Bg7 4. Be3 Nf6 5. Nc3 O-O 6. Qd2 e5 7. Bh6 Ne8 8. dxe5
Nd7 9. Bxg7 Kxg7 10. exd6 Nxd6 11. Bd3 Nc5 12. O-O Bg4 13. Nd4 Qf6 14. Qe3 Qe5
15. f3 Bd7 16. f4 Qe7 17. Nd5 Qd8 18. f5 Ncxe4 19. Bxe4 f6 20. g4 g5 21. Rae1
Re8 22. Qd3 c6 23. Nc3 Qb6 24. b3 c5 25. Na4 Bxa4 26. Ne6+ Kh8 27. bxa4 Nf7 28.
c4 Nd8 29. Nxd8 Raxd8 30. Bd5 Qb2 31. Rxe8+ Rxe8 32. Rb1 Qxa2 33. Qc3 Qxb1+ 34.
Kg2 Re2+ 0-1

[Event "BPB Limburg open C"]
[Site "Maastricht"]
[Date "2014.06.08"]
[Round "4"]
[White "Callebaut, Giovanni"]
[Black "Schelleman, Niels"]
[Result "0-1"]
[WhiteElo "1598"]
[BlackElo "1521"]
[PlyCount "112"]
[EventDate "2014.06.06"]
[EventType "swiss"]
[EventRounds "7"]
[EventCountry "NED"]
[Source "P.Boonen"]
[SourceDate "2014.10.10"]

1. d4 d5 2. c4 c6 3. Nc3 Nf6 4. Nf3 Bf5 5. Bg5 e6 6. Nh4 Bg4 7. Qc2 h6 8. Bd2
Bd6 9. e4 dxe4 10. Nxe4 g5 11. Nxf6+ Qxf6 12. Nf3 Bxf3 13. gxf3 Qxf3 14. Rg1
Bxh2 15. Be2 Qf6 16. Rg4 Nd7 17. O-O-O O-O-O 18. d5 exd5 19. cxd5 Kb8 20. dxc6
Qxc6 21. Rc4 Qg6 22. Bd3 Qg7 23. Kb1 Be5 24. Rc1 Nb6 25. Rb4 f6 26. Be3 Nd5 27.
Qc5 Nxe3 28. Qxe3 Bf4 29. Rxf4 gxf4 30. Qxf4+ Ka8 31. Be4 Rc8 32. Re1 Rhe8 33.
a3 h5 34. f3 Qf7 35. Qg3 f5 36. Qf4 Qd7 37. Bxb7+ Qxb7 38. Rxe8 Rxe8 39. Qxf5
Rc8 40. b4 Rh8 41. Qf6 Qh7+ 42. Kb2 Rc8 43. f4 Qc2+ 44. Ka1 Qc3+ 45. Qxc3 Rxc3
46. Kb2 Rf3 47. a4 Rxf4 48. Kb3 h4 49. a5 h3 50. Ka4 a6 51. Kb3 h2 52. b5 axb5
53. a6 h1=Q 54. a7 Qh3+ 55. Kc2 Rf2+ 56. Kd1 Qf1# 0-1